[Event "PRO League KO Stage 2017"]
[Site "masterchessopen.com chess.com INT"]
[Date "2017.03.15"]
[Round "3"]
[White "Gozzoli,Y"]
[Black "Pantzar,Milton"]
[Result "1-0"]
[WhiteElo "2586"]
[BlackElo "2257"]

1.d4 Nf6 2.Nf3 c5 3.c3 cxd4 4.cxd4 d5 5.Nc3 Nc6 6.Bf4 Bf5 7.e3 e6 8.Bb5 Qb6
9.O-O Be7 10.Ne5 O-O 11.Bg5 Rfc8 12.Bxc6 bxc6 13.Na4 Qb5 14.Rc1 c5 15.dxc5
Bxc5 16.Nxc5 Rxc5 17.Rxc5 Qxc5 18.Bxf6 gxf6 19.Nf3 Bg4 20.h3 Bh5 21.Qd4 Qxd4
22.Nxd4 Rc8 23.g4 Bg6 24.Rd1 Kf8 25.Kg2 e5 26.Nf5 Bxf5 27.gxf5 Rc5 28.Rd3 Ke7
29.Rb3 Rc7 30.Ra3 Kd6 31.Kf3 Rb7 32.b3 Kc5 33.Ra5+ Kd6 34.Ra6+ Kc5 35.Rxf6 d4
36.Ke4 Rd7 37.exd4+ exd4 38.Kd3 Kd5 39.Ra6 Ke5 40.f6 Kf4 41.Ra4 Ke5 42.f4+
Kxf6 43.Rxd4 Rc7 44.Rd5 Ke6 45.Rh5 f6 46.Ra5 Rb7 47.h4 Rg7 48.Ke4 Rb7 49.Rc5
Kd6 50.Ra5 Ke6 51.Ra4 f5+ 52.Kd4 Rd7+ 53.Ke3 Rg7 54.Ra6+ Kd5 55.Ra5+ Ke6 56.h5
Rd7 57.b4 Rb7 58.a3 Rf7 59.Re5+ Kd6 60.Kd4 Rf8 61.Ra5 Rf7 62.Ra6+ {#r} 1-0

[Event "PRO League KO Stage 2017"]
[Site "masterchessopen.com chess.com INT"]
[Date "2017.03.15"]
[Round "3"]
[White "Nyzhnyk,I"]
[Black "Swiercz,D"]
[Result "0-1"]
[WhiteElo "2613"]
[BlackElo "2645"]

1.d4 Nf6 2.Bf4 g6 3.Nc3 d5 4.e3 Bg7 5.h4 c5 6.dxc5 Nc6 7.Qd2 O-O 8.O-O-O Qa5
9.a3 Qxc5 10.Na4 Qa5 11.Qxa5 Nxa5 12.f3 b6 13.g4 Bb7 14.Nc3 Rfd8 15.Rh2 Rac8
16.Rhd2 Ne8 17.e4 e5 18.Bg3 d4 19.Kb1 Nd6 20.Na2 Nac4 21.Bxc4 Nxc4 22.Rh2 Ne3
23.Rc1 a5 24.Bf2 Nc4 25.Rd1 Bf8 26.Bg3 Re8 27.Nc1 Ne3 28.Re1 Ba6 29.c3 Nf1
30.Rxf1 Bxf1 31.cxd4 exd4 32.Rd2 Red8 33.Nge2 d3 34.Nf4 Bd6 35.Bh2 Rc2 36.Rxc2
dxc2+ 37.Kxc2 Bxf4 38.Bxf4 Bg2 39.Nd3 Bxf3 40.Nf2 b5 41.Bd2 a4 42.Kc3 Be2
43.Be3 f6 44.Bb6 Rd7 45.Be3 Kf7 46.Bf4 Ke6 47.Bg3 Bc4 48.Bf4 Rd8 49.Bg3 Rc8
50.Kd2 Bb3 51.Nd3 Rc2+ 52.Ke3 Bc4 53.Nc5+ Kf7 54.e5 Rxb2 55.exf6 Kxf6 56.Ne4+
Kf7 57.Bd6 Bd5 58.Ng5+ Kg8 59.Kd4 Rd2+ 60.Ke5 Bc4 61.Bb4 Re2+ 62.Kf4 h6 63.Nf3
Rb2 64.Bc5 Bd5 65.Nd4 Kf7 66.Ke5 Bc4 67.Bd6 Rg2 68.Kf4 h5 69.gxh5 gxh5 70.Kf5
Bd3+ 71.Ke5 Rg4 72.Nf3 Be2 73.Ng5+ Kg6 74.Ne6 Bc4 75.Nf4+ Kf7 76.Nxh5 Rxh4
77.Nf4 Rh1 78.Kd4 Rd1+ 79.Kc5 Kf6 80.Bf8 Kf5 81.Ng2 Ke4 82.Bh6 Rd5+ 83.Kb4 Rd3
84.Bf8 Rf3 85.Bc5 Rb3+ 86.Ka5 Bf1 87.Ne1 Rb2 88.Bb4 Bc4 89.Bc3 Re2 90.Bb4 Ra2
91.Kb6 Rb2 92.Ka5 Kf4 93.Bc3 Rb3 94.Bb4 Rb2 95.Bc3 Ra2 96.Bb4 Kg3 97.Bc5 Re2
98.Bb4 Kf2 {#R} 0-1

[Event "PRO League KO Stage 2017"]
[Site "masterchessopen.com chess.com INT"]
[Date "2017.03.15"]
[Round "3"]
[White "Robson,R"]
[Black "Zherebukh,Y"]
[Result "1-0"]
[WhiteElo "2668"]
[BlackElo "2605"]

1.e4 c5 2.Nf3 d6 3.d4 cxd4 4.Nxd4 Nf6 5.Nc3 a6 6.Be3 e6 7.f3 b5 8.Qd2 Nbd7
9.g4 h6 10.O-O-O b4 11.Nce2 Qc7 12.h4 d5 13.g5 hxg5 14.exd5 Nxd5 15.Bxg5 e5
16.Re1 N7b6 17.Nf4 Nxf4 18.Bxf4 f6 19.Bd3 Bd6 20.Bg6+ Kf8 21.h5 Nc4 22.Qg2 Bc5
23.Nb3 Be6 24.h6 Ke7 25.hxg7 Rxh1 26.Qxh1 Rg8 27.Bh6 Bb6 28.f4 Be3+ 29.Rxe3
Nxe3 30.fxe5 Qxe5 31.Qb7+ Bd7 32.Qxb4+ Kd8 33.Qb6+ Kc8 34.Qxa6+ Kd8 35.Qb6+
Kc8 36.Qxe3 Qxe3+ 37.Bxe3 Rxg7 38.Bd3 Rg3 39.Kd2 f5 40.Nd4 Rg2+ 41.Kc3 Rg3
42.Nxf5 Rf3 43.Nd6+ Kc7 44.Nc4 Be6 45.Bd2 {#r} 1-0

[Event "PRO League KO Stage 2017"]
[Site "masterchessopen.com chess.com INT"]
[Date "2017.03.15"]
[Round "3"]
[White "Hammer,J"]
[Black "Gorozhanin,M"]
[Result "1-0"]
[WhiteElo "2630"]
[BlackElo "2419"]

1.d4 d5 2.c4 e6 3.Nf3 c6 4.e3 Bd6 5.Bd3 f5 6.O-O Nf6 7.b3 Qe7 8.Bb2 O-O 9.Nc3
Ne4 10.Ne2 Nd7 11.Rc1 Qf6 12.Nf4 g5 13.Nh5 Qh6 14.Ne5 g4 15.Nf4 Ndf6 16.f3 Ng5
17.Qe2 gxf3 18.gxf3 Bd7 19.Kh1 Kh8 20.cxd5 exd5 21.Rg1 Ne6 22.Qg2 Nxf4 23.exf4
Be6 24.Qg5 Qxg5 25.Rxg5 h6 26.Rg6 Kh7 27.Rcg1 Rae8 28.Rg7+ Kh8 29.Rxb7 Rg8
30.Ng6+ Rxg6 31.Rxg6 Ng8 32.Rxa7 Bxf4 33.Ba3 Bb8 34.Rb7 Bf4 35.Bb4 Bc8 36.Rf7
{#r} 1-0

[Event "PRO League KO Stage 2017"]
[Site "masterchessopen.com chess.com INT"]
[Date "2017.03.15"]
[Round "3"]
[White "Sharafiev,A"]
[Black "Kaasen,Tor Fredrik"]
[Result "1-0"]
[WhiteElo "2433"]
[BlackElo "2442"]

1.Nf3 Nf6 2.c4 g6 3.Nc3 Bg7 4.g3 O-O 5.Bg2 d6 6.O-O e5 7.d4 Nc6 8.e3 exd4
9.Nxd4 Nxd4 10.Qxd4 Re8 11.Qd2 c6 12.Rd1 Be6 13.Qxd6 Qxd6 14.Rxd6 Bxc4 15.e4
Ng4 16.Bf4 Bf8 17.Rd2 Bc5 18.Rad1 Kg7 19.b3 Ba6 20.Bd6 Bb6 21.Na4 Ba5 22.b4
Bb5 23.Nc3 Bb6 24.h3 Ne5 25.a4 Bc4 26.a5 Bb3 27.Bxe5+ Rxe5 28.Rb1 Bc4 29.axb6
axb6 30.f4 Re7 31.e5 Ra3 32.Rc1 f6 33.exf6+ Kxf6 34.Ne4+ {#r} 1-0

[Event "PRO League KO Stage 2017"]
[Site "masterchessopen.com chess.com INT"]
[Date "2017.03.15"]
[Round "3"]
[White "Bacrot,E"]
[Black "Meier,Geo"]
[Result "0-1"]
[WhiteElo "2695"]
[BlackElo "2630"]

1.Nf3 d5 2.b3 Nf6 3.Bb2 Bf5 4.e3 e6 5.Be2 h6 6.c4 c6 7.Nc3 Nbd7 8.d4 Ne4
9.Nxe4 Bxe4 10.O-O Bd6 11.h3 O-O 12.Nd2 Bh7 13.a3 Qe7 14.b4 a6 15.Qb3 b5 16.c5
Bc7 17.f4 f6 18.a4 Kh8 19.Bd3 Bxd3 20.Qxd3 f5 21.Nf3 Nf6 22.Ra2 Rfb8 23.Rfa1
Qe8 24.Bc3 Ne4 25.Be1 Kg8 26.Nd2 Nf6 27.Bh4 Nd7 28.Nf3 Kf7 29.g4 g6 30.g5 h5
31.Be1 Qc8 32.Nd2 Qb7 33.Nb1 Ke8 34.Ra3 Rc8 35.R1a2 Bd8 36.h4 Nb8 37.Nc3 Nd7
38.Kf1 Kf7 39.Ke2 Ke7 40.Qb1 Bc7 41.Bd2 Re8 42.Kd1 Rg8 43.Qa1 Nb8 44.Qb1 Rf8
45.Qc2 Re8 46.Ra1 Rf8 47.axb5 cxb5 48.c6 Nxc6 49.Rc1 Nxb4 50.Qb2 Bd6 51.Ne2 a5
52.Rac3 Rfc8 {#R} 0-1

[Event "PRO League KO Stage 2017"]
[Site "masterchessopen.com chess.com INT"]
[Date "2017.03.15"]
[Round "3"]
[White "Bacrot,E"]
[Black "Pantzar,Milton"]
[Result "1-0"]
[WhiteElo "2695"]
[BlackElo "2257"]

1.Nf3 Nf6 2.c4 c5 3.Nc3 Nc6 4.d4 cxd4 5.Nxd4 e6 6.Bf4 Nxd4 7.Qxd4 Qb6 8.Qxb6
axb6 9.a3 Be7 10.Nb5 O-O 11.Bd6 Bxd6 12.Nxd6 Ne8 13.O-O-O Nxd6 14.Rxd6 Rd8
15.e4 Kf8 16.Be2 Ke7 17.Rhd1 Ra5 18.Rxb6 d5 19.exd5 exd5 20.Rb5 Rxb5 21.cxb5
Kd6 22.Kd2 Bd7 23.Rc1 Re8 24.Bd3 h6 25.a4 Ra8 26.b3 b6 27.Ke3 Re8+ 28.Kd4 Ra8
29.Ra1 Rc8 30.b4 Rb8 31.h4 Be8 32.a5 bxa5 33.bxa5 Bd7 34.a6 Bc8 35.Rc1 Bd7
36.a7 Ra8 37.b6 Bc6 38.Ba6 f6 39.Rxc6+ {#r} 1-0

[Event "PRO League KO Stage 2017"]
[Site "masterchessopen.com chess.com INT"]
[Date "2017.03.15"]
[Round "3"]
[White "Lesiege,A"]
[Black "Perez Ponsa,F"]
[Result "1-0"]
[WhiteElo "2525"]
[BlackElo "2577"]

1.d4 Nf6 2.c4 g6 3.Nc3 Bg7 4.e4 d6 5.Nf3 O-O 6.Be2 e5 7.O-O Nc6 8.d5 Ne7 9.Ne1
Nd7 10.Be3 f5 11.f3 f4 12.Bf2 g5 13.Rc1 Rf6 14.Nd3 Rh6 15.c5 Qe8 16.Nb5 Qh5
17.h4 Ng6 18.g4 fxg3 19.Bxg3 Nf6 20.Nxc7 gxh4 21.Bh2 Rb8 22.cxd6 Qg5+ 23.Kf2
Nh5 24.Ne6 Qf6 25.Ndc5 Nf8 26.Bb5 h3 27.Rg1 Qh4+ 28.Kf1 Rf6 29.d7 Bxd7 30.Bxd7
b6 31.Nxg7 Nxg7 32.Ne6 Nxe6 33.Bxe6+ Kh8 34.Bxe5 h2 35.Rh1 Rbf8 36.Bf5 Rxf5
37.exf5 Qh3+ 38.Kf2 Qh4+ 39.Bg3 Qg5 40.Bxh2 Nxf5 41.Rg1 Qh4+ 42.Bg3 Qf6 43.Qd3
Nd4 44.Rc3 Nf5 45.Qe4 Ng7 46.Be5 {#r} 1-0

[Event "PRO League KO Stage 2017"]
[Site "masterchessopen.com chess.com INT"]
[Date "2017.03.15"]
[Round "3"]
[White "Li Chao2"]
[Black "Mareco,S"]
[Result "1-0"]
[WhiteElo "2720"]
[BlackElo "2664"]

1.Nf3 Nf6 2.g3 d5 3.Bg2 c6 4.O-O Bf5 5.d3 e6 6.Nbd2 h6 7.b3 Be7 8.Bb2 O-O
9.Qe1 a5 10.a3 Bh7 11.e4 c5 12.Ne5 Nc6 13.Nxc6 bxc6 14.f4 a4 15.Kh1 Re8 16.Qe2
Qb6 17.Rae1 Nd7 18.g4 Bf8 19.g5 hxg5 20.fxg5 axb3 21.cxb3 d4 22.e5 Bf5 23.Rf4
g6 24.b4 cxb4 25.Nc4 Qc7 26.Nd6 Bxd6 27.exd6 Qb6 28.Bxd4 c5 29.Be5 Bxd3 30.Rh4
f5 31.Qe3 Nf8 32.Rh8+ Kf7 33.Qh3 {#r} 1-0

[Event "PRO League KO Stage 2017"]
[Site "masterchessopen.com chess.com INT"]
[Date "2017.03.15"]
[Round "3"]
[White "Swiercz,D"]
[Black "Grabinsky,Aaron"]
[Result "1-0"]
[WhiteElo "2645"]
[BlackElo "2348"]

1.d4 e6 2.Nf3 Nf6 3.c4 Bb4+ 4.Bd2 Bxd2+ 5.Qxd2 O-O 6.g3 b6 7.Bg2 Bb7 8.O-O d6
9.Nc3 Ne4 10.Nxe4 Bxe4 11.Qf4 Bb7 12.d5 e5 13.Qd2 a5 14.b3 Nd7 15.a3 Qe7 16.e4
Nc5 17.Qe3 a4 18.b4 Nb3 19.Rad1 Bc8 20.h3 f5 21.exf5 Bxf5 22.Ng5 Kh8 23.f4
Rae8 24.g4 Bc2 25.Rde1 Nd4 26.fxe5 dxe5 27.Rxf8+ Qxf8 28.Rf1 Qe7 29.d6 cxd6
30.Nf7+ Kg8 31.Bd5 Ne6 32.Ng5 Qd7 33.Nxe6 Rxe6 34.Qf2 h6 35.Qxc2 {#r} 1-0

[Event "PRO League KO Stage 2017"]
[Site "masterchessopen.com chess.com INT"]
[Date "2017.03.15"]
[Round "3"]
[White "Swiercz,D"]
[Black "Leon Hoyos,M"]
[Result "0-1"]
[WhiteElo "2645"]
[BlackElo "2490"]

1.d4 Nf6 2.c4 c5 3.d5 b5 4.Qc2 b4 5.e4 d6 6.Nf3 g6 7.Bd3 Bg7 8.O-O O-O 9.Nbd2
e5 10.dxe6 Bxe6 11.b3 Nh5 12.Rb1 Nc6 13.Re1 Bc3 14.Bb2 Qf6 15.e5 Nxe5 16.Nxe5
Bxe5 17.g3 Bh3 18.Be2 Bf5 19.Bxe5 dxe5 20.Ne4 Bxe4 21.Qxe4 Ng7 22.Bg4 Rfe8
23.Rbd1 Qa6 24.Bd7 Red8 25.Qxe5 Qxa2 26.Bc6 Rxd1 27.Rxd1 Qxb3 28.Rd7 Rf8
29.Bd5 Qb1+ 30.Kg2 Qf5 31.Qe7 Ne6 32.Rd6 Ng5 33.h4 b3 34.hxg5 b2 35.Be4 b1=Q
36.Bxb1 Qxb1 37.Rc6 a5 38.Rxc5 a4 39.Rd5 Qb6 40.Rd7 a3 41.Qxa3 Qc6+ 42.Rd5
Qxc4 43.Qf3 Qc8 44.Qe4 Qc1 45.Qe3 Qc6 46.Qf3 Re8 47.Rd3 Qc1 48.Re3 Rxe3
49.fxe3 Qb2+ 50.Kh3 Qa1 51.Kg2 Qb2+ 52.Kh3 Kf8 53.Qd5 Qb6 54.Kg4 Qxe3 55.Qd6+
Qe7 56.Qb8+ Qe8 57.Qd6+ Kg8 58.Kf4 Qc8 59.g4 Qc1+ 60.Kg3 Qxg5 61.Qb8+ Kg7
62.Qb2+ Qf6 63.Qd2 Qe5+ 64.Kf3 Qf6+ 65.Kg3 h6 66.Kh3 Qf3+ 67.Kh2 Qxg4 68.Qc3+
Kh7 69.Qf6 Qh5+ {#R} 0-1

[Event "PRO League KO Stage 2017"]
[Site "masterchessopen.com chess.com INT"]
[Date "2017.03.15"]
[Round "3"]
[White "Hansen,Eric"]
[Black "Cuevas,A"]
[Result "1-0"]
[WhiteElo "2616"]
[BlackElo "2288"]

1.e4 c5 2.Nf3 e6 3.d4 cxd4 4.Nxd4 a6 5.Bd3 Qc7 6.Be3 Nf6 7.c4 d6 8.Nc3 Nbd7
9.O-O g6 10.h3 Bg7 11.Rc1 O-O 12.Nf3 b6 13.Bf4 Ne5 14.Nxe5 dxe5 15.Be3 Nd7
16.b4 f5 17.f3 Bb7 18.c5 bxc5 19.Na4 Bc6 20.Nxc5 Nxc5 21.Bxc5 Rfd8 22.Qb3 Rxd3
23.Qxd3 Bb5 24.Qb3 Bxf1 25.Qxe6+ Qf7 26.Qxf7+ Kxf7 27.Kxf1 Ke6 28.Ke2 fxe4
29.fxe4 Bh6 30.Rd1 Bf8 31.Rd5 Bxc5 32.Rxc5 Kd6 33.Rd5+ Ke6 34.Ra5 Kf6 35.b5
Kg5 36.Rxa6 Rb8 37.a4 Kf4 38.Rd6 Kxe4 39.b6 Rc8 40.b7 Rc2+ 41.Rd2 {#r} 1-0

[Event "PRO League KO Stage 2017"]
[Site "masterchessopen.com chess.com INT"]
[Date "2017.03.15"]
[Round "3"]
[White "So,W"]
[Black "Ashwin,J"]
[Result "1-0"]
[WhiteElo "2822"]
[BlackElo "2492"]

1.Nf3 Nf6 2.g3 b6 3.c4 c5 4.Bg2 Bb7 5.O-O g6 6.Nc3 Bg7 7.d4 cxd4 8.Qxd4 Nc6
9.Qf4 Qb8 10.Rd1 Qxf4 11.Bxf4 Nd8 12.Rac1 Ne6 13.Be3 Ng4 14.Bd2 Rc8 15.b3 d6
16.Nd5 Nf6 17.Bc3 Nxd5 18.Bxg7 Nxg7 19.cxd5 Kd7 20.Ng5 f6 21.Bh3+ f5 22.e4 h6
23.Nf3 Rxc1 24.Rxc1 Rc8 25.Rxc8 Kxc8 26.Nh4 Kd8 27.Nxg6 fxe4 28.Nf4 Bc8 29.Kg2
e5 30.dxe6 Ke7 31.Nd5+ Ke8 32.Nf6+ Ke7 33.Ng8+ Ke8 34.Nf6+ Ke7 35.Nxe4 Nxe6
36.Bxe6 Kxe6 37.Kf3 d5 38.Nc3 Ke5 39.Ne2 d4 40.Nf4 Bf5 41.Ke2 Bb1 42.a3 Bc2
43.Nd3+ Kf5 44.b4 Ke4 45.f3+ Kd5 46.Kd2 Ba4 47.g4 Be8 48.h4 Kc4 49.Ne5+ Kb3
50.h5 Kxa3 51.g5 hxg5 52.h6 {#r} 1-0

[Event "PRO League KO Stage 2017"]
[Site "masterchessopen.com chess.com INT"]
[Date "2017.03.15"]
[Round "3"]
[White "So,W"]
[Black "Shimanov,A"]
[Result "1-0"]
[WhiteElo "2822"]
[BlackElo "2642"]

1.Nf3 Nf6 2.c4 g6 3.Nc3 Bg7 4.e4 d6 5.d4 O-O 6.Be2 e5 7.O-O Na6 8.Be3 c6 9.d5
Ng4 10.Bg5 f6 11.Bh4 c5 12.Ne1 Nh6 13.f3 Nf7 14.Rb1 h5 15.Nd3 Bh6 16.Bf2 Bd7
17.b4 b6 18.bxc5 Nxc5 19.a4 a5 20.Qc2 Ra6 21.Rfd1 Re8 22.Nxc5 bxc5 23.Rb7 Ra8
24.Nb5 Qc8 25.Rc7 Qd8 26.Rb7 Qc8 27.Ra7 Rxa7 28.Nxa7 Qa6 29.Nb5 Rc8 30.Qc3 Nd8
31.Rb1 Nb7 32.Bd1 Qb6 33.Qd3 Qa6 34.Bc2 Kf7 35.Be1 Ke7 36.Qb3 Nd8 37.Qc3 Nb7
38.Na3 Ra8 39.Qb3 Nd8 40.Qb6 Qxb6 41.Rxb6 Nf7 42.Nb5 Bf8 43.Rb7 Kd8 44.Ra7
Rxa7 45.Nxa7 Kc7 46.Bxa5+ Kb7 47.Nb5 Be7 48.Kf2 f5 49.exf5 gxf5 50.g3 Bg5
51.Ke2 f4 52.Bg6 Bxb5 53.cxb5 Nh6 54.Be1 Kb6 55.Be8 fxg3 56.a5+ Kb7 57.hxg3
Nf5 58.Bc6+ Ka7 59.Kd3 Nd4 60.Ke4 Bc1 61.g4 hxg4 62.fxg4 c4 63.Bb4 Bb2 64.Bxd6
c3 65.b6+ Ka6 66.b7 Nxc6 67.dxc6 {#r} 1-0

[Event "PRO League KO Stage 2017"]
[Site "masterchessopen.com chess.com INT"]
[Date "2017.03.15"]
[Round "3"]
[White "Dudukin,Ilya"]
[Black "Hammer,J"]
[Result "0-1"]
[WhiteElo "2396"]
[BlackElo "2630"]

1.Nf3 d5 2.d4 Nf6 3.c4 e6 4.Nc3 Bb4 5.cxd5 exd5 6.Bg5 Qd6 7.Bxf6 Qxf6 8.Qb3
Qb6 9.e3 Ba5 10.Bd3 Qxb3 11.axb3 Bb4 12.Ke2 c6 13.h3 Nd7 14.Rhc1 Ke7 15.Na4
Bd6 16.Kf1 g6 17.Rc2 f5 18.Be2 Kf6 19.Nc5 a6 20.Na4 Re8 21.g3 Rb8 22.Ne1 g5
23.Nd3 f4 24.exf4 gxf4 25.Nxf4 Bxf4 26.gxf4 Nf8 27.Bg4 Bxg4 28.hxg4 Re4 29.g5+
Kf5 30.Nc3 Rxf4 31.Ne2 Rh4 32.f4 Rh1+ 33.Ng1 Ne6 34.Re1 Nxf4 35.Rf2 Kxg5
36.Re3 Kg4 37.Rff3 Rf8 38.Rg3+ Kh4 39.Rgf3 Rf7 40.b4 h5 41.Rf2 Kg4 42.Rff3 h4
43.Kf2 Rh2+ 44.Kf1 Rxb2 45.Re5 Rb1+ 46.Re1 Rxe1+ 47.Kxe1 h3 48.Kf2 h2 49.Rg3+
Kf5 50.Nf3 h1=Q {#R} 0-1

[Event "PRO League KO Stage 2017"]
[Site "masterchessopen.com chess.com INT"]
[Date "2017.03.15"]
[Round "3"]
[White "Leon Hoyos,M"]
[Black "Lehmann,Spencer G"]
[Result "1-0"]
[WhiteElo "2490"]
[BlackElo "2040"]

1.c4 e5 2.g3 c6 3.Bg2 Nf6 4.d4 e4 5.Nc3 d5 6.cxd5 cxd5 7.Bg5 Nbd7 8.e3 Bd6
9.Nge2 h6 10.Bxf6 Nxf6 11.O-O Bd7 12.Qb3 Bc6 13.f3 exf3 14.Rxf3 O-O 15.Raf1
Re8 16.Rxf6 gxf6 17.Nxd5 Bxd5 18.Bxd5 Qe7 19.e4 Rad8 20.Nc3 Bb4 21.Bxf7+ Qxf7
22.Qxb4 Kg7 23.Qc5 Qe7 24.Qc4 Qf7 25.Qd3 Rd7 26.Qe3 Rde7 27.Qf4 Qg6 28.Nd5
Rxe4 29.Qxf6+ Qxf6 30.Nxf6 R8e6 31.Nxe4 Rxe4 32.Rc1 Rxd4 33.Rc7+ Kg6 34.Rxb7
a5 35.Rb6+ Kg7 36.Kg2 Rd2+ 37.Kh3 a4 38.a3 Re2 39.Rb4 Rc2 40.g4 Rd2 41.Kg3 Rc2
42.h4 Rd2 43.Kf4 Rc2 44.Rb7+ Kg6 45.Rb6+ Kg7 46.h5 Rf2+ 47.Ke3 Rg2 48.Rb4 Rg3+
49.Kf4 Rg2 50.Ke5 Re2+ 51.Kd5 Rd2+ 52.Kc5 Kf6 53.Kb5 Kg5 54.Kxa4 Rd5 55.Kb3
Re5 56.a4 Kh4 57.Rb6 Re3+ 58.Ka2 Re4 59.Ka3 Re3+ 60.b3 Kg5 61.Rg6+ Kf4 62.Rxh6
{#r} 1-0

[Event "PRO League KO Stage 2017"]
[Site "masterchessopen.com chess.com INT"]
[Date "2017.03.15"]
[Round "3"]
[White "Kleinman,Michael"]
[Black "Pichot,A"]
[Result "0-1"]
[WhiteElo "2289"]
[BlackElo "2556"]

1.e4 c5 2.Nf3 d6 3.d4 cxd4 4.Qxd4 a6 5.h3 Nc6 6.Qe3 g6 7.c4 Bg7 8.Be2 Nf6
9.O-O O-O 10.Rd1 Nd7 11.Nc3 Nc5 12.Rb1 a5 13.b3 f5 14.Bb2 fxe4 15.Ng5 Bh6
16.h4 Bf5 17.g4 Bd7 18.Ncxe4 Nxe4 19.Qxe4 Bxg5 20.hxg5 Qb6 21.c5 Qxc5 22.Qc4+
Qxc4 23.Bxc4+ Rf7 24.f3 Nd8 25.Bxf7+ Kxf7 26.Kf2 Ne6 27.Rbc1 Bc6 28.Ke3 Nxg5
29.f4 Ne6 30.Rd2 a4 31.Rh2 Nf8 32.b4 a3 33.Bd4 Ra4 34.Bc3 Bd7 35.Kf3 Bc6+
36.Ke3 Bd7 37.Kf3 Be6 38.Be1 Bd5+ 39.Ke3 Be6 40.Kf3 Ke8 41.Bc3 h5 42.gxh5 gxh5
43.f5 Bxf5 44.Rxh5 Be6 45.Rh2 Bd5+ 46.Ke3 Ne6 47.Rg1 Ra6 48.Rd2 Bc4 49.Rg4 Rc6
50.Re4 Nc7 51.Rh4 Nd5+ 52.Kd4 Nxc3 53.Kxc3 Bxa2+ 54.Kd3 Bb1+ 55.Ke2 a2 {#R}
0-1

[Event "PRO League KO Stage 2017"]
[Site "masterchessopen.com chess.com INT"]
[Date "2017.03.15"]
[Round "3"]
[White "Pichot,A"]
[Black "Hansen,Eric"]
[Result "0-1"]
[WhiteElo "2556"]
[BlackElo "2616"]

1.e4 e5 2.Nf3 Nc6 3.Bb5 Nf6 4.d3 d6 5.c3 Be7 6.O-O O-O 7.Re1 a6 8.Ba4 b5 9.Bc2
Re8 10.a4 Bb7 11.Nbd2 Nb8 12.b4 Nbd7 13.Nb3 Rb8 14.axb5 axb5 15.d4 Bf8 16.d5
Qc8 17.Bg5 c6 18.dxc6 Bxc6 19.Qd2 h6 20.Bh4 Qc7 21.Rac1 d5 22.exd5 Bxd5 23.Bg3
Rbd8 24.Nh4 Nb6 25.Qe2 Nc4 26.Nf5 Na3 27.Ne3 Be6 28.Nd4 Nxc2 29.Rxc2 Bd7
30.Nxb5 Qc8 31.Bh4 g5 32.Bg3 Ne4 33.Na3 f5 34.Qh5 Qa6 35.Nac4 f4 36.f3 Nxg3
37.hxg3 fxe3 38.Nxe3 Qf6 39.Rce2 Qf7 40.Qxf7+ Kxf7 41.Nc4 e4 42.Rxe4 Rxe4
43.Rxe4 Bf5 44.Re5 Be6 45.Ne3 Rd3 46.Kf2 Bg7 47.Rc5 Rxc3 48.Rxc3 Bxc3 49.Nc2
Bf5 50.Na3 Bxb4 51.Nc4 Be6 52.Ne5+ Kf6 53.Nd3 Ba5 54.g4 Bc4 55.Nc1 Bb6+ 56.Kg3
Be3 {#R} 0-1

[Event "PRO League KO Stage 2017"]
[Site "masterchessopen.com chess.com INT"]
[Date "2017.03.15"]
[Round "3"]
[White "Pichot,A"]
[Black "Sturt,R"]
[Result "1-0"]
[WhiteElo "2556"]
[BlackElo "2433"]

1.e4 e5 2.Nf3 Nc6 3.Bb5 a6 4.Ba4 Nf6 5.O-O Be7 6.Re1 b5 7.Bb3 d6 8.c3 O-O 9.h3
Nb8 10.d4 Nbd7 11.Nbd2 Bb7 12.Bc2 Re8 13.Nf1 Bf8 14.Ng3 g6 15.b3 Rc8 16.a4 c6
17.Bg5 h6 18.Be3 Qc7 19.Qd2 Kh7 20.Rad1 Rcd8 21.Qc1 Bg7 22.Qa3 Bf8 23.Qa2 Bg7
24.c4 exd4 25.Bxd4 c5 26.Bc3 b4 27.Bb2 Re7 28.Qa1 Ne8 29.Bxg7 Nxg7 30.Rd2 Ne5
31.Red1 Nxf3+ 32.gxf3 Bc8 33.Qf6 Bxh3 34.Kh2 Bc8 35.Rh1 Re6 36.Qf4 Qe7 37.Kg2
h5 38.Rd5 Re5 39.Qe3 Bb7 40.f4 Bxd5 41.cxd5 Rxd5 42.exd5 Qf6 43.Ne4 Qb2
44.Ng5+ Kg8 45.Qe7 Rf8 46.Be4 Qe2 47.Qxd6 Qg4+ 48.Kh2 Re8 49.f3 Qc8 50.Qf6 Qc7
51.d6 Qd7 52.Kg2 Rd8 53.Nxf7 Re8 54.Ne5 {#r} 1-0

[Event "PRO League KO Stage 2017"]
[Site "masterchessopen.com chess.com INT"]
[Date "2017.03.15"]
[Round "3"]
[White "Sturt,R"]
[Black "Cuevas,A"]
[Result "1-0"]
[WhiteElo "2433"]
[BlackElo "2288"]

1.d4 Nf6 2.c4 c5 3.d5 e6 4.Nc3 exd5 5.cxd5 d6 6.Nf3 g6 7.Bf4 a6 8.a4 Bg7 9.h3
O-O 10.e3 Re8 11.Be2 Ne4 12.Nxe4 Rxe4 13.Nd2 Rb4 14.O-O Nd7 15.Bxd6 Qf6 16.Bg3
Nb6 17.e4 Qxb2 18.Rb1 Qa3 19.Rxb4 Qxb4 20.Qc2 Qxa4 21.Qxc5 Bd4 22.Qe7 Qd7
23.Qb4 Qa4 24.Qe7 Bd7 25.Nf3 Re8 26.Qh4 Bg7 27.Bd3 h6 28.Rb1 Bb5 29.Bxb5 axb5
30.Bc7 Nc4 31.e5 Qc2 32.Re1 Nd2 33.Nxd2 Qxd2 34.Qe4 Qc3 35.Bd6 b4 36.Bxb4 Qxe5
37.Qb1 Qb8 38.d6 Rd8 39.Rd1 Bf8 40.Qd3 b5 41.Qd5 Rd7 42.g3 Qb6 43.Kg2 h5
44.Rd2 Qb8 45.f3 Qb6 46.Qe5 Qb8 47.g4 Bg7 48.Qd5 hxg4 49.hxg4 Qb6 50.Re2 Bf8
51.Re8 Kg7 52.Qd4+ f6 53.Qxb6 {#r} 1-0

[Event "PRO League KO Stage 2017"]
[Site "masterchessopen.com chess.com INT"]
[Date "2017.03.15"]
[Round "3"]
[White "Degraeve,Remy"]
[Black "Jobava,Ba"]
[Result "0-1"]
[WhiteElo "2137"]
[BlackElo "2701"]

1.e4 d6 2.d4 Nf6 3.Nc3 e5 4.Nf3 Nbd7 5.g4 Nxg4 6.Rg1 exd4 7.Nxd4 Ngf6 8.Bg5 h6
9.Be3 c6 10.Qd2 Ne5 11.O-O-O g5 12.f4 gxf4 13.Bxf4 Qe7 14.Be2 Bd7 15.Qe3 Ng6
16.Bg3 Ng4 17.Bxg4 Bxg4 18.Bxd6 Qg5 19.Qxg5 hxg5 20.Rxg4 Bxd6 21.Nf5 Bf4+
22.Kb1 Rxh2 23.Rgg1 Ne5 24.Nd6+ Kf8 25.Nxb7 Nf3 26.Rh1 Rxh1 27.Rxh1 Kg7 28.Ne2
Bc7 29.Nc5 Re8 30.Kc1 Bb6 31.Nd7 Bc7 32.Nc5 Bd6 33.Nb7 Rxe4 34.Nxd6 Rxe2
35.Rf1 g4 36.Nc4 f5 37.Kd1 Re4 38.Nd2 Rd4 {#R} 0-1

[Event "PRO League KO Stage 2017"]
[Site "masterchessopen.com chess.com INT"]
[Date "2017.03.15"]
[Round "3"]
[White "Mareco,S"]
[Black "Hansen,Eric"]
[Result "0-1"]
[WhiteElo "2664"]
[BlackElo "2616"]

1.c4 Nf6 2.Nc3 e5 3.Nf3 Nc6 4.g3 d5 5.cxd5 Nxd5 6.Bg2 Nb6 7.O-O Be7 8.b3 O-O
9.Bb2 Re8 10.Rc1 Bf8 11.d3 Nd4 12.Nd2 c6 13.e3 Ne6 14.Nf3 Ng5 15.Nxg5 Qxg5
16.Ne4 Qg6 17.h3 Nd5 18.Nc5 b6 19.Ne4 Ba6 20.a3 Rad8 21.g4 c5 22.Qc2 Nb4
23.axb4 Bxd3 24.Qc3 Bxe4 25.bxc5 Bxc5 26.Rfd1 Bxg2 27.Kxg2 h5 28.f3 e4 29.f4
hxg4 30.h4 Rd3 31.Rxd3 exd3 32.h5 Qe4+ 33.Kh2 g3+ 34.Kh3 Qf5+ 35.Kg2 Qd5+ {#R}
0-1

[Event "PRO League KO Stage 2017"]
[Site "masterchessopen.com chess.com INT"]
[Date "2017.03.15"]
[Round "3"]
[White "De Vreesse Pieters,Seppe"]
[Black "Lehmann,Spencer G"]
[Result "1-0"]
[WhiteElo "2229"]
[BlackElo "2040"]

1.d4 Nf6 2.Bg5 c5 3.Nc3 e6 4.d5 d6 5.e4 Be7 6.Bb5+ Nbd7 7.dxe6 fxe6 8.e5 dxe5
9.Nf3 O-O 10.Qe2 Nd5 11.Bd2 N7f6 12.Nxe5 Bd6 13.Bd3 b6 14.O-O-O Bb7 15.Rhe1
Re8 16.f4 Nxc3 17.Bxc3 Qc7 18.g4 Nd5 19.Bd2 Rad8 20.g5 Bxe5 21.fxe5 g6 22.h4
Qg7 23.h5 c4 24.Bxc4 Rc8 25.Kb1 a6 26.Bd3 b5 27.hxg6 hxg6 28.Rh1 Ne7 29.Rh3
Red8 30.Qh2 Nf5 31.Ba5 Re8 32.Rh6 Nxh6 33.gxh6 Qh7 34.Rg1 Kh8 35.Bb4 Bd5
36.Qh4 Rf8 37.Bxf8 Rxf8 38.b3 Qc7 39.Qg5 Rg8 40.Qf6+ Kh7 41.Rxg6 {#r} 1-0

[Event "PRO League KO Stage 2017"]
[Site "masterchessopen.com chess.com INT"]
[Date "2017.03.15"]
[Round "3"]
[White "Lie,K"]
[Black "Yatzenko,A"]
[Result "0-1"]
[WhiteElo "2537"]
[BlackElo "2356"]

1.c4 e6 2.Nc3 d5 3.e3 Nf6 4.Nf3 Be7 5.b3 O-O 6.Bb2 dxc4 7.Bxc4 a6 8.O-O b5
9.Be2 Bb7 10.d4 Nbd7 11.Rc1 c5 12.dxc5 Nxc5 13.Qxd8 Rfxd8 14.Rfd1 b4 15.Nb1
Rxd1+ 16.Rxd1 a5 17.Nbd2 a4 18.Bd4 Bd5 19.Bxc5 Bxc5 20.Bc4 Bxc4 21.Nxc4 Nd5
22.g3 f6 23.Rd2 Kf7 24.Rc2 Nc3 25.Nfd2 axb3 26.axb3 e5 27.Nb2 Ra2 28.Ndc4 e4
29.Rd2 Ke6 30.Kg2 Be7 31.g4 Ra3 32.Rc2 Rxb3 33.f3 Nd5 34.Kf2 Bc5 35.Nd1 exf3
36.Kxf3 Bd4 37.Rd2 Bc3 38.Rd3 Rb1 39.e4 Ne7 40.Nxc3 Rb3 41.Ke3 bxc3 42.Ke2 c2
43.Rd6+ Kf7 44.Kd2 Rc3 45.Kc1 Rxc4 {#R} 0-1

[Event "PRO League KO Stage 2017"]
[Site "masterchessopen.com chess.com INT"]
[Date "2017.03.15"]
[Round "3"]
[White "Lie,K"]
[Black "Sharafiev,A"]
[Result "1-0"]
[WhiteElo "2537"]
[BlackElo "2433"]

1.c4 c5 2.Nc3 Nc6 3.g3 g6 4.Bg2 Bg7 5.a3 e6 6.Rb1 Nge7 7.b4 d6 8.Nf3 O-O 9.O-O
Rb8 10.e3 b6 11.Qb3 Bb7 12.Bb2 Qd7 13.Rfd1 Ne5 14.Nxe5 Bxe5 15.d4 cxd4 16.exd4
Bg7 17.d5 exd5 18.Nxd5 Bxb2 19.Rxb2 Nxd5 20.Bxd5 Bxd5 21.Rxd5 Rbc8 22.Rbd2 Qe6
23.R2d4 Rfd8 24.Qd3 Rd7 25.Kg2 Rc6 26.h4 h5 27.Re4 Qf6 28.Rf4 Qe6 29.Qd4 Rdc7
30.Rf6 Qg4 31.Rf4 Qc8 32.c5 bxc5 33.bxc5 Rxc5 34.Rxd6 Qa8+ 35.Kh2 Rc8 36.Rxf7
Kxf7 37.Qf6+ Kg8 38.Qxg6+ Kh8 39.Qh6+ Kg8 40.Rg6+ Kf7 {#r} 1-0